Súpis prác Vlada Uhlára za roky 1972-1981

Bibliographic Details
Main Author: Dvonč, Ladislav, 1926-2003 (Author)
Format: Article
Language:Slovak
Subjects:

MARC

LEADER 00000nab a2200000 a 4500
001 vtls000151963
003 SK-MaSNL
005 20260302210346.0
008 160215c1982 xo 0 slo
015 |a SNBRB19rr/mm-uuuuu 
035 |a CL0162070 
040 |a SNKBUCL  |b slo  |c SNKBUCL  |e AACR2 
041 0 |a slo 
044 |a xo  |c SK 
080 |a 808.54  |2 1981 
080 |a 016  |2 1981 
080 |a 929 Uhlár, Vlado  |2 1981 
100 1 |a Dvonč, Ladislav,  |d 1926-2003  |4 aut  |9 101854 
245 1 0 |a Súpis prác Vlada Uhlára za roky 1972-1981  |c Ladislav Dvonč 
600 1 7 |a Uhlár, Vlado,  |d 1912-1996  |2 snkbucl  |9 106775 
655 7 |a články z novín a časopisov  |2 snkbucl  |9 267496 
773 0 |t Slovenská reč  |g Roč. 47, č. 6 (1982), s. 365-370 
850 |a Slovenská národná knižnica v Martine  |a MTA001 
852 |a SNK  |b KIS3GCP 
958 |a BX 
958 |a RK 
992 |a RBX 
999 |c 1482221  |d 1484151